Functions of Economic Geography (Registro nro. 28265)
[ vista simple ]
| 000 -LEADER | |
|---|---|
| fixed length control field | 00296 a2200109 4500 |
| 001 - CONTROL NUMBER | |
| control field | ART_20422 |
| 005 - DATE AND TIME OF LATEST TRANSACTION | |
| control field | 20260410161927.0 |
| 008 - FIXED-LENGTH DATA ELEMENTS--GENERAL INFORMATION | |
| fixed length control field | 260409a |
| 100 1# - MAIN ENTRY--PERSONAL NAME | |
| Personal name | Otremba, Erich |
| 245 10 - TITLE STATEMENT | |
| Title | Functions of Economic Geography |
| 773 0# - HOST ITEM ENTRY | |
| Title | Economics |
| Related parts | - Vol. 1 (ene. 1970) |
| Record control number | REV20320 |
No hay ítems disponibles.